ბათუმის შოთა რუსთაველის სახელმწიფო უნივერსიტეტის ბიბლიოთეკა

ფიქრები საქართველოზე:საქართველოს გადარჩენის გზა წიგნი:1 (ბიბ.ჩანაწერი № 51566)

000 -LEADER
fixed length control field 00872nam a2200229Ia 4500
001 - CONTROL NUMBER
control field 18557
003 - CONTROL NUMBER IDENTIFIER
control field GE_BSU
008 - FIXED-LENGTH DATA ELEMENTS--GENERAL INFORMATION
fixed length control field 181216s||||||||xx |||||||||||||| ||und||
020 ## - INTERNATIONAL STANDARD BOOK NUMBER
International Standard Book Number 9789941227639
040 ## - CATALOGING SOURCE
Transcribing agency GE_BSU
080 ## - UNIVERSAL DECIMAL CLASSIFICATION NUMBER
Universal Decimal Classification number 821.353.1-1
100 ## - MAIN ENTRY--PERSONAL NAME
Personal name ჯულაყიძე,თეიმურაზ.
245 ## - TITLE STATEMENT
Title ფიქრები საქართველოზე:საქართველოს გადარჩენის გზა წიგნი:1
245 ## - TITLE STATEMENT
Remainder of title ჩვენი მსაჯული მხოლოდ ღმერთია!...
260 ## - PUBLICATION, DISTRIBUTION, ETC.
Place of publication, distribution, etc. თბილისი
260 ## - PUBLICATION, DISTRIBUTION, ETC.
Name of publisher, distributor, etc. უნივერსალი
260 ## - PUBLICATION, DISTRIBUTION, ETC.
Date of publication, distribution, etc. 2016
300 ## - PHYSICAL DESCRIPTION
Extent 143გვ;ილ;20სმ.
653 ## - INDEX TERM--UNCONTROLLED
Uncontrolled term ფიქრები საქართველოზე
653 ## - INDEX TERM--UNCONTROLLED
Uncontrolled term ქართული ლიტერატურა
942 ## - ADDED ENTRY ELEMENTS (KOHA)
Koha item type წიგნი
ეგზემპლარები
Withdrawn status Lost status Damaged status Not for loan Date acquired Barcode Date last seen Price effective from Koha item type
        2018-12-17 47983 2018-12-17 2018-12-17 წიგნი
        2018-12-17 47984 2018-12-17 2018-12-17 წიგნი